| 000 | 00722nam a22002057a 4500 | ||
|---|---|---|---|
| 999 |
_c7925 _d7925 |
||
| 003 | AR-CdUCM | ||
| 008 | 190321b ||||| |||| 00| 0 spa d | ||
| 040 |
_aMUNICIPALIDAD PROVINCIAL DEL CUSCO _cBIBLIOTECA MUNICIPAL DEL CUSCO |
||
| 082 |
_a793.3109856 / _bR76 |
||
| 100 |
_aRoel Pineda, Josafat _922398 |
||
| 245 | _aEl wayno del Cusco / | ||
| 260 |
_aCusco : _b Municipalidad del Qosqo, _c1990. |
||
| 300 |
_a235 páginas ; _bpartituras ; _c21 cm. |
||
| 505 | _aContenido: Waynos típicos cusqueños -- Waynos de tipo regional ... | ||
| 650 |
_aHuaynos - Cusco _922399 |
||
| 650 |
_aWaynos - Músicos - Cusco _922400 |
||
| 650 |
_aCanciones folklóricas cusqueñas _922401 |
||
| 942 |
_2ddc _cLIBROS |
||
| 945 | _alccs | ||